Smithsonian Museums - Statistics

General Stats
  • This quiz has been taken 25 times
  • The average score is 9 of 23
Answer Stats
Answer % Correct
Air and Space
96%
Udvar-Hazy Center
96%
Natural History
87%
American History
78%
African American History
65%
African Art
48%
Portrait
48%
Smithsonian Castle
48%
American Art
43%
American Indian DC
43%
American Indian NY
43%
Asian Art Museum Freer Gallery
43%
Asian Art Museum Sackler Gallery
43%
Hirshhorn
26%
National Zoo
26%
Postal
22%
Arts and Industries Building
13%
Renwick Gallery
13%
Anacostia Community
9%
Archives of American Art
0%
Cooper Hewitt Design
0%
S. Dillon Ripley Center
0%
Smithsonian Gardens
0%
No matching quizzes found
Score Distribution
Percent of People with Each Score
Percentile by Number Answered
Your Score History
You have not taken this quiz